| 000 | 00743nas a2200229 a 4500 | ||
|---|---|---|---|
| 001 | 19207 | ||
| 003 | BD-RjUL | ||
| 005 | 20211209000411.0 | ||
| 008 | 140223s1935 enkau 0 a0eng d | ||
| 035 | _a(BD-RjUL)19265 | ||
| 040 |
_aWAU _beng _cWAU _dNNCU:A _dSUA _dBD-RjUL |
||
| 041 | _aeng | ||
| 082 | 0 | 4 |
_220 _a480 _bYAL V-5 1935 |
| 245 | 0 | 0 |
_aYale classical studies / _cedited by Austin m. Harmon. _nVOLUME FIVE |
| 260 |
_aLondon : _bCambridge University Press, _c1935. |
||
| 300 |
_a304 p. : _bill. ; _c24 cm. |
||
| 650 | 0 |
_aClassical philology. _959094 |
|
| 650 | 0 |
_aClassical literature _xHistory and criticism. _959095 |
|
| 700 | 1 |
_aHarmon, Austin M. _959096 |
|
| 710 | 2 |
_aYale University. _bDepartment of Classics. _959097 |
|
| 942 |
_2ddc _cBK |
||
| 999 |
_c19207 _d19207 |
||